Welcome to the Holygrace Academy Library

Please use search bar below to get started

PERFECTION IN CHEMISTRY FOR CLASS XII (Record no. 691)

MARC details
000 -LEADER
fixed length control field 00458nam a22001337a 4500
020 ## - INTERNATIONAL STANDARD BOOK NUMBER
ISBN 81-87224-79-7
082 ## - DEWEY DECIMAL CLASSIFICATION NUMBER
Classification number 540
Item number PAN/P
100 ## - MAIN ENTRY--AUTHOR NAME
Personal name A.N.PANDIT, M.ILYAS AHMED
245 ## - TITLE STATEMENT
Title PERFECTION IN CHEMISTRY FOR CLASS XII
Remainder of title CBSE QUICK REVISION SERIES
260 ## - PUBLICATION, DISTRIBUTION, ETC. (IMPRINT)
Place of publication MEERUT
Name of publisher KRISHNA PRAKASHAN MEDIA (P) LTD
Year of publication 2006
520 ## - SUMMARY, ETC.
Summary, etc CBSE SAMPLE PAPERS, PRACTICE PAPERS, PREVIOUS YEAR'S SOLVED PAPERS
650 ## - SUBJECT ADDED ENTRY--TOPICAL TERM
Topical Term CHEMISRTY QUICK REVISION FOR CLASS XII
Geographic subdivision INDIA
942 ## - ADDED ENTRY ELEMENTS (KOHA)
Koha item type Books
Holdings
Withdrawn status Lost status Collection code Home library Current library Shelving location Date acquired Source of acquisition Cost, normal purchase price Full call number Accession Number Koha item type
    Reference Main Library Main Library SHELF-9 C XII CHEMISTRY 23/10/2006 purchase 295.00 540 PAN/P 03382 Books